000 01380cam a2200409 a 4500
001 21082
003 VRT
005 20260212145315.0
008 180815s1980 xo 0000f slo
015 _aSNBA1981
020 _q(viaz.)
035 _aSNK000044023
039 9 _a202203130825
_bcsnk01
_c202203130824
_dcsnk01
_c202203130823
_dcsnk01
_c201808151727
_dVLOAD
040 _aSNK
_bslo
_cSNK
_eAACR2
041 1 _aslo
_hpol
044 _axo
_cSK
080 _a884-3
_21981
100 1 _aIwaszkiewicz, Jarosław,
_d1894-1980
_4aut
240 1 0 _aSława i chwała
_lSlovensky
245 0 _aČesť a sláva 2
_cJaroslaw Iwaszkiewicz ; z poľského originálu Sława i chwała ... preložil Matej Andráš
250 _a1. vyd.
260 _aBratislava
_bSlovenský spisovateľ
_c1980
_eKošice
_fVýchodoslovenské tlačiarne
300 _a544 s.
_c20 cm
366 _e13000 výtl.
490 1 _aVavrín
655 7 _apoľské romány
_2SNKPH
655 7 _ahistorické romány
_2SNKPH
700 1 _aAndráš, Matej,
_d1921-2012
_4trl
700 1 _aSedlák, Ján,
_d1914-2007
_4aft
830 0 _aVavrín
910 _asnk
942 _2ddc
_cKLDO
_n0
949 _6270001000488069
_asvkbbA 25793-2
_bsvkbbm 383975
949 _617A0709085
_asnkSC 52233/2 D1
_bsnkKSP 3052/81
949 _63830001004377
_akurukT16/IWAS1-1
949 _63869A10906
_abpksh821.161.2-31
_bbpksh66629
999 _c21082
_d21082